000 00773cam a22002534a 4500
020 _a9781416058984
020 _a1416058982
040 _cDLC
082 0 0 _a617 SAU 2010 A115 Or.
245 0 0 _aSurgical treatment of hip arthritis :
_breconstruction, replacement, and revision /
250 _a1st ed.
260 _aPhiladelphia, PA :
_bSaunders/Elsevier,
_cc2010.
300 _axiv, 527 p. :
_bill. (some col.) ;
_c29 cm. +
_e1 DVD-ROM (4 3/4 in.)
500 _aCopyright date from DVD label.
650 0 _aHip joint
650 0 _aArthritis
650 1 2 _aOsteoarthritis, Hip
650 2 2 _aArthroplasty, Replacement, Hip
650 2 2 _aReoperation
700 1 _aHozack, William J.
700 1 _aParvizi, Javad.
700 1 _aBender, Benjamin,
942 _cAEDBB
999 _c17477
_d17477